Statistics for Sport Picture Puzzle Game #4

Click here to take the quiz!

General Stats

  • This quiz has been taken 1,586 times
  • The average score is 7 of 17

Answer Stats

Hint Answer % Correct
HTML tutorial NBA team from MiamiHeat
88%
HTML tutorial How many bases are there in baseball field?3
84%
HTML tutorial Movie with Michael Jordan and Bugs BunnySpace Jam
74%
HTML tutorial Country of the first professional football (soccer) competitionEngland
63%
HTML tutorial The act of riding a wave with or without a bordSurfing
57%
HTML tutorial Luís Nazário de LimaRonaldo
45%
HTML tutorial The oldest major sporting facility in the New York metropolitan areaMadison Square Garden
45%
HTML tutorial Sports gear named after Greek goddess of victoryNike
43%
HTML tutorial Former NBA player from Jamaica (New York Knicks 1985 - 2000)Patrick Ewing
41%
HTML tutorial Country with most ICC Cricket World Cup titlesAustralia
39%
HTML tutorial Golden Boot winner of FIFA World Cup 2014James Rodríguez
24%
HTML tutorial Basketball team with most Euroleague titlesReal Madrid
22%
HTML tutorial The main arena for the Australian Open tennis tournamentRod Laver Arena
19%
HTML tutorial The first Summer Olympic host city outside of EuropeSt. Louis
15%
Ian Thorpe
9%
HTML tutorial World Chess FederationFIDE
4%
HTML tutorial The first sprinter to officially break the 10-second barrier in the 100 metersJim Hines
3%

Score Distribution

Percentile by Number Answered

Percent of People with Each Score

Your Score History

You have not taken this quiz